| 000 | 00802cam a22002411 4500 | ||
|---|---|---|---|
| 001 | war17000103 | ||
| 003 | DLC | ||
| 005 | 20260227112811.0 | ||
| 008 | 880811s1917 dcu f000 0 eng c | ||
| 010 | _awar17000103 | ||
| 035 | _a(OCoLC)18342150 | ||
| 040 |
_aLibrary, War College _cIaAS _dIaAS _dOCoLC _dDLC |
||
| 042 | _apremarc | ||
| 050 | 0 | 0 |
_aUA24 _b.A7 1917d |
| 051 |
_aUA24 _b.A7 1917d Copy 3 _cCopy 3. Fabyan item no. 723. |
||
| 110 | 1 |
_aUnited States. _bAdjutant-General's Office. |
|
| 245 | 1 | 0 |
_aTables of organization, United States Army. _b1917. |
| 260 |
_aWashington, _bGovt. Print. Off., _c1917. |
||
| 300 |
_avi, 3-76 p. _c23 cm. |
||
| 500 | _aWar Dept. doc. no. 571. | ||
| 610 | 1 | 0 |
_aUnited States. _bArmy _xOrganization. |
| 710 | 2 |
_aGeorge Fabyan Collection (Library of Congress) _5DLC |
|
| 999 |
_c92317 _d92317 |
||